Statistics for States that Have the Most Oil in Hearts of Iron 4

Click here to take the quiz!

General Stats

  • This quiz has been taken 28 times
  • The average score is 9 of 22

Answer Stats

CountryOilState% Correct
United States320Texas
96%
United States180California
89%
Soviet Union70Azerbaijan
81%
United States60Oklahoma
59%
Iraq15Baghdad
52%
United States14New Mexico
52%
Peru14Lima
48%
Romania44Muntenia
48%
United States14Colorado
44%
United States30Kansas
44%
United States44Louisiana
44%
Dutch East Indies12Sumatra
41%
Netherlands35Curaçao
33%
British Malaya12North Borneo
33%
Iran28Khuzestan
22%
United Kingdom12Trinidad
19%
Iran12Isfahan
11%
Soviet Union12Krasnodar
11%
Colombia15La Libertad
11%
Venezuela41Miranda
11%
Venezuela35Zulia
11%
Soviet Union13Surgut
7%

Score Distribution

Percentile by Number Answered

Percent of People with Each Score

Your Score History

You have not taken this quiz